| 000 | 00674nam a22002057a 4500 | ||
|---|---|---|---|
| 003 | NUST-PNEC | ||
| 005 | 20170114142542.0 | ||
| 008 | 140527b xxu||||| |||| 00| 0 eng d | ||
| 020 | _a 0070109389 | ||
| 040 | _cPNEC | ||
| 082 | _a519.404 CHA | ||
| 100 |
_964 _aChapra, Steven C. |
||
| 245 |
_aNumerical methods for engineers _cSteven C. Chapra |
||
| 250 | _a3rd | ||
| 260 |
_aNew Dehli _bWCB/McGraw-Hill _cc.1998 |
||
| 300 |
_a924 p. : _bill. : _c25 cm. |
||
| 500 | _ahttp://www.amazon.com/Numerical-Engineers-Programing-Software-Applications/dp/0070109389/ref=sr_1_1?s=books&ie=UTF8&qid=1401182175&sr=1-1&keywords=0070109389 | ||
| 650 | _xME, EE, EL | ||
| 942 |
_2ddc _cBK |
||
| 999 |
_c60144 _d60144 |
||